Statistics for Guess the Actors/Actresses

Click here to take the quiz!

General Stats

  • This quiz has been taken 53 times
  • The average score is 15 of 20

Answer Stats

Answer% Correct
Brad Pitt
96%
Dwayne Johnson
96%
Tom Cruise
96%
Jennifer Aniston
89%
Adam Sandler
87%
Morgan Freeman
84%
Scarlett Johansson
82%
Arnold Schwarzenegger
78%
Angelina Jolie
76%
Samuel L. Jackson
76%
Sylvester Stallone
73%
Jason Statham
71%
Natalie Portman
71%
Sandra Bullock
71%
Jennifer Lawrence
69%
Denzel Washington
62%
Macaulay Culkin
62%
Terry Crews
53%
Kevin James
42%
Judi Dench
38%

Score Distribution

Percentile by Number Answered

Percent of People with Each Score

Your Score History

You have not taken this quiz